000 00296nam a22001337a 4500
020 _a978-9-351-03773-6
082 _a920
_bVEN/T
100 _aVENEZIA, MIKE
245 _aTHOMAS EDISON
260 _aNEW YORK
_bSCHOLASTIC
_c2015
300 _a32
650 _aBIOGRAPHY
_zUNITED STATES
942 _cBK
999 _c5875
_d5875